|
|
|
|
| LEADER |
00917nam a22002417a 4500 |
| 001 |
AAL2335 |
| 003 |
BD-DhAAL |
| 005 |
20160313194221.0 |
| 008 |
160313s 1993bg ||||| |||| 00| 0 ben d |
| 020 |
|
|
|a 9840501356
|
| 040 |
|
|
|a BD-DhAAL
|c BD-DhAAL
|
| 082 |
|
|
|a 891.4437
|
| 100 |
|
|
|a চৌধুরী, আফসান
|9 18484
|
| 245 |
|
|
|a বিশ্বাস ঘাতক গন /
|c আফসান চৌধুরী
|
| 250 |
|
|
|a 1st ed.
|
| 260 |
|
|
|a ঢাকা :
|b ইউনিভার্সিটি প্রেস,
|c ১৯৯৩
|
| 300 |
|
|
|a ১৫২ পৃ. ;
|c ২২ সে.মি.
|
| 541 |
|
|
|e 2335
|
| 650 |
|
|
|a Bengali Fiction
|9 18485
|
| 852 |
|
|
|a Savar Campus Library
|c General Shelf
|
| 942 |
|
|
|2 ddc
|c BK
|
| 999 |
|
|
|c 37101
|d 37101
|
| 952 |
|
|
|0 0
|1 0
|2 ddc
|4 0
|6 891_443700000000000_CHO
|7 0
|9 58359
|a SCL
|b SCL
|c GEN
|d 2016-03-13
|g 100.00
|l 3
|m 4
|o 891.4437 CHO
|p 3020002335
|r 2021-08-14
|s 2021-07-04
|t 1
|w 2016-03-13
|y BK
|